Spot the Difference II Quiz Stats

 Plays Quiz Updated Mar 19, 2020

Support Sporcle.
Go Orange.
Score 0/5 Timer 02:00
1 Play Today
% Correct
Shirt
92.9%
Dome
91.3%
Man
80.4%
Tower opening
73.2%
Roof
32.1%

From the Vault

CSI and NCIS Cities

by teedslaststand

Procedural dramas: teaching US geography since the year 2000.
Remove Ads.
Support Sporcle.
Get the best of Sporcle when you Go Orange. This ad-free experience offers more features, more stats, and more fun while also helping to support Sporcle. Thank you for becoming a member.

Show Comments

Extras

Top Quizzes Today


Score Distribution

Your Account Isn't Verified!

In order to create a playlist on Sporcle, you need to verify the email address you used during registration. Go to your Sporcle Settings to finish the process.

Report this User

Report this user for behavior that violates our Community Guidelines.

Details: